[Event "56. Grecia ch"]
[Site "Salonica GRE"]
[Date "2006.11.27"]
[Round "1.1"]
[White "Goritsas, Christos"]
[Black "Mastrovasilis, Dimitrios"]
[Result "1/2-1/2"]
[WhiteElo "2289"]
[BlackElo "2562"]
[PlyCount "47"]
[EventDate "2006.11.27"]
[EventType "tourn"]
[EventRounds "9"]
[EventCountry "GRE"]
[EventCategory "9"]
[Source "lmi"]
[SourceDate "2006.11.27"]

1. d4 d5 2. Bf4 e6 3. e3 Bd6 4. Bxd6 Qxd6 5. Qg4 Kf8 6. Nd2 Nf6 7. Qg3 Nc6 8.
c3 Bd7 9. Ngf3 Qxg3 10. hxg3 Re8 11. Bb5 h5 12. a4 Ng4 13. Nh2 Ke7 14. Nb3 Nd8
15. Nc5 c6 16. Be2 b6 17. Nd3 Nb7 18. Nxg4 hxg4 19. Kd2 f5 20. Ne5 Rxh1 21.
Rxh1 Nd6 22. f3 gxf3 23. gxf3 Nf7 24. Nxf7 1/2-1/2

[Event "56. Grecia ch"]
[Site "Salonica GRE"]
[Date "2006.11.27"]
[Round "1.2"]
[White "Skembris, Spyridon"]
[Black "Kotrotsos, Vasilios"]
[Result "1-0"]
[WhiteElo "2455"]
[BlackElo "2276"]
[PlyCount "73"]
[EventDate "2006.11.27"]
[EventType "tourn"]
[EventRounds "9"]
[EventCountry "GRE"]
[EventCategory "9"]
[Source "lmi"]
[SourceDate "2006.11.27"]

1. d4 Nf6 2. c4 c5 3. d5 e6 4. Nc3 exd5 5. cxd5 d6 6. e4 g6 7. Nf3 a6 8. a4 Bg4
9. Be2 Bxf3 10. Bxf3 Bg7 11. O-O O-O 12. Bf4 Qe7 13. Qb3 Qc7 14. a5 Nbd7 15.
Na4 Rfe8 16. Rfe1 Rab8 17. Nb6 Re7 18. g3 h5 19. Bxd6 Qxd6 20. Nc4 Qc7 21. d6
Qd8 22. dxe7 Qxe7 23. e5 Ng4 24. Bxg4 hxg4 25. Rad1 Nf8 26. Rd6 Ne6 27. Qd1 Qg5
28. Re4 Nd4 29. Rxg4 Qf5 30. Rf4 Qh3 31. Rd5 g5 32. Rg4 Ne6 33. Qf3 Rf8 34. Qf5
Nd4 35. Rdxd4 cxd4 36. Qxg5 Qh7 37. Rxd4 1-0

[Event "56. Grecia ch"]
[Site "Salonica GRE"]
[Date "2006.11.27"]
[Round "1.3"]
[White "Banikas, Hristos"]
[Black "Kotronias, Vasilios"]
[Result "1/2-1/2"]
[WhiteElo "2568"]
[BlackElo "2587"]
[PlyCount "43"]
[EventDate "2006.11.27"]
[EventType "tourn"]
[EventRounds "9"]
[EventCountry "GRE"]
[EventCategory "9"]
[Source "lmi"]
[SourceDate "2006.11.27"]

1. d4 Nf6 2. c4 g6 3. Nc3 Bg7 4. e4 d6 5. f3 O-O 6. Nge2 c5 7. Be3 Nc6 8. d5
Ne5 9. Ng3 e6 10. Be2 exd5 11. cxd5 a6 12. a4 h5 13. O-O Nh7 14. Qd2 h4 15. Nh1
f5 16. Nf2 Re8 17. Kh1 Rb8 18. Rg1 Kh8 19. g4 f4 20. Bxf4 g5 21. Be3 Qf6 22.
Qd1 1/2-1/2

[Event "56. Grecia ch"]
[Site "Salonica GRE"]
[Date "2006.11.27"]
[Round "1.4"]
[White "Mastrovasilis, Athanasios"]
[Black "Kapnisis, Spyridon"]
[Result "1/2-1/2"]
[WhiteElo "2533"]
[BlackElo "2421"]
[PlyCount "71"]
[EventDate "2006.11.27"]
[EventType "tourn"]
[EventRounds "9"]
[EventCountry "GRE"]
[EventCategory "9"]
[Source "lmi"]
[SourceDate "2006.11.27"]

1. c4 e5 2. g3 Nf6 3. Bg2 d5 4. cxd5 Nxd5 5. Nc3 Nb6 6. Nf3 Nc6 7. O-O Be7 8.
d3 O-O 9. a3 Be6 10. b4 f6 11. Be3 a5 12. b5 Nd4 13. Bxd4 exd4 14. Na4 Qd7 15.
Qc2 Rfd8 16. Rfc1 Rac8 17. Nc5 Bxc5 18. Qxc5 Na4 19. Qc2 Qxb5 20. Rab1 Qc6 21.
Qxc6 bxc6 22. Rxc6 Bd5 23. Nxd4 Bxg2 24. Kxg2 Rxd4 25. Rb5 Rd6 26. Rxd6 cxd6
27. Rxa5 Nc3 28. Kf3 Rc5 29. Ra8+ Kf7 30. e4 d5 31. Ke3 Nb5 32. Ra5 dxe4 33. a4
exd3 34. Kxd3 Rc3+ 35. Kd2 Ra3 36. Rxb5 1/2-1/2

[Event "56. Grecia ch"]
[Site "Salonica GRE"]
[Date "2006.11.27"]
[Round "1.5"]
[White "Karayannis, Athanasios"]
[Black "Nikolaidis, Ioannis"]
[Result "0-1"]
[WhiteElo "2361"]
[BlackElo "2536"]
[PlyCount "152"]
[EventDate "2006.11.27"]
[EventType "tourn"]
[EventRounds "9"]
[EventCountry "GRE"]
[EventCategory "9"]
[Source "lmi"]
[SourceDate "2006.11.27"]

1. d4 Nf6 2. c4 e6 3. Nf3 b6 4. e3 Bb7 5. Bd3 Bb4+ 6. Bd2 Bxd2+ 7. Nbxd2 O-O 8.
Qc2 Na6 9. a3 c5 10. d5 exd5 11. cxd5 Kh8 12. e4 d6 13. O-O Nh5 14. Rfe1 Nc7
15. Nc4 f5 16. e5 Bxd5 17. exd6 Ne6 18. Nce5 Ng5 19. Nxg5 Qxg5 20. Bf1 Nf4 21.
f3 Ne6 22. b4 Nd4 23. Qf2 f4 24. bxc5 bxc5 25. Bc4 Rae8 26. Bxd5 Rxe5 27. Be4
Re6 28. Rab1 Rxd6 29. Rb7 a6 30. Qa2 Re6 31. Reb1 Qe5 32. a4 Nf5 33. Rd7 Nd6
34. Qd5 Nxe4 35. fxe4 Qxe4 36. Qxe4 Rxe4 37. Rbb7 Rg8 38. Rdc7 Rxa4 39. Rxc5 h6
40. Rcc7 Ra2 41. Rf7 Rc8 42. h4 f3 43. Rxf3 Rc4 44. Rg3 Ra1+ 45. Kf2 Rc2+ 46.
Kf3 Rc3+ 47. Kg4 Rc4+ 48. Kf5 Ra5+ 49. Ke6 Rc6+ 50. Kd7 Rf6 51. Rb4 Rd5+ 52.
Kc7 Re5 53. Kd7 Kg8 54. Rbg4 Rf7+ 55. Kd6 Ref5 56. Ke6 Kf8 57. Kd6 Rb5 58. Kc6
Rf6+ 59. Kc7 Rf7+ 60. Kc6 Rbf5 61. Kd6 a5 62. Kc6 Re7 63. Kd6 Ra7 64. Kc6 a4
65. Kb6 Re7 66. Kc6 Re6+ 67. Kd7 Ra6 68. Rf3 Rxf3 69. gxf3 a3 70. Rg1 a2 71.
Ra1 Kf7 72. Kc7 Kg6 73. Kb7 Ra3 74. Kb6 Kh5 75. Kb5 Kxh4 76. Kb4 Ra8 0-1

[Event "56. Grecia ch"]
[Site "Salonica GRE"]
[Date "2006.11.28"]
[Round "2.1"]
[White "Skembris, Spyridon"]
[Black "Mastrovasilis, Athanasios"]
[Result "1/2-1/2"]
[WhiteElo "2455"]
[BlackElo "2533"]
[PlyCount "53"]
[EventDate "2006.11.27"]
[EventType "tourn"]
[EventRounds "9"]
[EventCountry "GRE"]
[EventCategory "9"]
[Source "lmi"]
[SourceDate "2006.11.27"]

1. d4 Nf6 2. c4 e6 3. Nf3 d5 4. Nc3 Be7 5. Bg5 h6 6. Bh4 O-O 7. e3 Ne4 8. Bxe7
Qxe7 9. cxd5 Nxc3 10. bxc3 exd5 11. c4 Be6 12. Qb3 Rd8 13. Rc1 c5 14. Qa3 Nd7
15. cxd5 Bxd5 16. Be2 b6 17. O-O Qf6 18. Rfd1 Qg6 19. Ne1 Qf6 20. h3 Bb7 21.
Bf3 Bxf3 22. Nxf3 cxd4 23. exd4 Nf8 24. Rc7 Ne6 25. Rxa7 Rxa7 26. Qxa7 Nxd4 27.
Nxd4 1/2-1/2

[Event "56. Grecia ch"]
[Site "Salonica GRE"]
[Date "2006.11.28"]
[Round "2.2"]
[White "Kotrotsos, Vasilios"]
[Black "Kotronias, Vasilios"]
[Result "0-1"]
[WhiteElo "2276"]
[BlackElo "2587"]
[PlyCount "66"]
[EventDate "2006.11.27"]
[EventType "tourn"]
[EventRounds "9"]
[EventCountry "GRE"]
[EventCategory "9"]
[Source "lmi"]
[SourceDate "2006.11.27"]

1. e4 c6 2. d4 d5 3. e5 c5 4. Nf3 Nc6 5. c4 cxd4 6. Nxd4 e6 7. Nxc6 bxc6 8. Be2
Ne7 9. O-O Ng6 10. f4 Bc5+ 11. Kh1 O-O 12. Qc2 Bb6 13. Nd2 f6 14. Nf3 fxe5 15.
fxe5 Ba6 16. Bg5 Qe8 17. Bd3 dxc4 18. Bxc4 Bxc4 19. Qxc4 h6 20. Bd2 Rd8 21.
Rad1 Rd5 22. Bc3 Nf4 23. Qe4 Qh5 24. Bd4 Bxd4 25. Rxd4 c5 26. Rd2 Qg4 27. g3
Qh3 28. Rff2 Nh5 29. Kg1 Nxg3 30. hxg3 Qxg3+ 31. Rg2 Qxf3 32. Rxg7+ Kxg7 33.
Rg2+ Kh8 0-1

[Event "56. Grecia ch"]
[Site "Salonica GRE"]
[Date "2006.11.28"]
[Round "2.3"]
[White "Mastrovasilis, Dimitrios"]
[Black "Karayannis, Athanasios"]
[Result "1-0"]
[WhiteElo "2562"]
[BlackElo "2361"]
[PlyCount "165"]
[EventDate "2006.11.27"]
[EventType "tourn"]
[EventRounds "9"]
[EventCountry "GRE"]
[EventCategory "9"]
[Source "lmi"]
[SourceDate "2006.11.27"]

1. e4 c5 2. Nf3 Nc6 3. d4 cxd4 4. Nxd4 e5 5. Nb5 a6 6. Nd6+ Bxd6 7. Qxd6 Qe7 8.
Qd1 Nf6 9. Nc3 h6 10. Be2 d6 11. O-O O-O 12. Be3 Be6 13. Qd2 Rfd8 14. Bb6 Rd7
15. Nd5 Bxd5 16. exd5 Nd4 17. Bxd4 exd4 18. Rfe1 Rc7 19. Bxa6 Qd7 20. Bd3 Rc5
21. Re2 Rxd5 22. Bc4 Rg5 23. f4 Rh5 24. Qxd4 d5 25. Bd3 Ra4 26. b4 Ra8 27. Rae1
Qg4 28. Qe3 Qd7 29. Qe7 Qc6 30. Qc5 Qxc5+ 31. bxc5 d4 32. Re7 Rxc5 33. Rxb7 Nd5
34. Re5 Rc7 35. Rxc7 Nxc7 36. Bc4 Kf8 37. Kf2 Ne6 38. f5 Rc8 39. Bd3 Nf4 40.
Be4 Rc3 41. Ra5 Re3 42. Bf3 Rc3 43. Bd1 Ke7 44. Ra4 d3 45. cxd3 Nxd3+ 46. Ke2
Nc5 47. Ra7+ Kf6 48. Ke1 Ne4 49. Bb3 Nd6 50. Kd2 Ne4+ 51. Kd1 Nd6 52. Ra6 Ke5
53. Ra5+ Kf6 54. Kd2 Ne4+ 55. Ke2 Nd6 56. Ra6 Ke5 57. f6 gxf6 58. Ra5+ Ke4 59.
Kd2 Rd3+ 60. Kc2 Re3 61. Ra4+ Kf5 62. Kd2 Re5 63. Bc2+ Kg5 64. Rd4 Nf5 65. Rd3
h5 66. Bb3 h4 67. a4 Ne7 68. Bxf7 f5 69. Re3 Nc6 70. Rxe5 Nxe5 71. Bd5 h3 72.
gxh3 Nd7 73. a5 Nc5 74. Kc3 Kf6 75. Kc4 Na6 76. Kb5 Nb8 77. h4 f4 78. h5 Kg5
79. Bf3 Kf6 80. Be2 Kg5 81. Kb6 Kh6 82. Kc7 f3 83. Bf1 1-0

[Event "56. Grecia ch"]
[Site "Salonica GRE"]
[Date "2006.11.28"]
[Round "2.4"]
[White "Kapnisis, Spyridon"]
[Black "Goritsas, Christos"]
[Result "1/2-1/2"]
[WhiteElo "2421"]
[BlackElo "2289"]
[PlyCount "47"]
[EventDate "2006.11.27"]
[EventType "tourn"]
[EventRounds "9"]
[EventCountry "GRE"]
[EventCategory "9"]
[Source "lmi"]
[SourceDate "2006.11.27"]

1. d4 Nf6 2. c4 e6 3. Nc3 Bb4 4. e3 b6 5. Nge2 Ne4 6. Bd2 Nxd2 7. Qxd2 O-O 8.
a3 Be7 9. g3 Ba6 10. b3 c6 11. d5 exd5 12. cxd5 c5 13. Bg2 d6 14. O-O Bf6 15.
Rfc1 Nd7 16. Nf4 g6 17. b4 Bc4 18. Rab1 Ne5 19. Qd1 Bg7 20. h4 Re8 21. Ne4 Ba2
22. Ra1 Bc4 23. Rab1 Ba2 24. Ra1 1/2-1/2

[Event "56. Grecia ch"]
[Site "Salonica GRE"]
[Date "2006.11.29"]
[Round "3.1"]
[White "Kotronias, Vasilios"]
[Black "Nikolaidis, Ioannis"]
[Result "1/2-1/2"]
[WhiteElo "2587"]
[BlackElo "2536"]
[PlyCount "143"]
[EventDate "2006.11.27"]
[EventType "tourn"]
[EventRounds "9"]
[EventCountry "GRE"]
[EventCategory "9"]
[Source "lmi"]
[SourceDate "2006.11.27"]

1. e4 c6 2. d4 d5 3. Nc3 dxe4 4. Nxe4 Nd7 5. Ng5 e6 6. Bd3 Ngf6 7. N1f3 Bd6 8.
Qe2 h6 9. Ne4 Nxe4 10. Qxe4 Nf6 11. Qe2 Qc7 12. Bd2 b6 13. O-O-O Bb7 14. Ne5 c5
15. Bb5+ Kf8 16. Bf4 Bd5 17. dxc5 Qxc5 18. Kb1 Rd8 19. f3 Kg8 20. h4 a6 21. Bd3
b5 22. c3 Qc7 23. Rhe1 Nd7 24. Bc2 Nb6 25. Rd4 Nc4 26. Bb3 Bxe5 27. Bxe5 Qe7
28. Bf4 Qf6 29. Bc1 e5 30. Rdd1 Be6 31. Rxd8+ Qxd8 32. h5 Bf5+ 33. Bc2 Qc8 34.
g4 Bxc2+ 35. Qxc2 Qe6 36. Rd1 e4 37. b3 Nd6 38. Bf4 Ne8 39. Qxe4 Qxe4+ 40. fxe4
Nf6 41. e5 Nxg4 42. Rd6 Kh7 43. Rxa6 Re8 44. Rb6 g5 45. hxg6+ fxg6 46. Rb7+ Kg8
47. Rxb5 g5 48. Bxg5 hxg5 49. e6 Kf8 50. Rxg5 Nf6 51. Re5 Ke7 52. Kc2 Kd6 53.
Re1 Nd5 54. a4 Rxe6 55. Rxe6+ Kxe6 56. Kd3 Kd6 57. Kd4 Kc6 58. b4 Nb6 59. b5+
Kd6 60. a5 Nd7 61. a6 Kc7 62. c4 Kb6 63. Kd5 Nf6+ 64. Ke5 Nd7+ 65. Kd4 Nc5 66.
a7 Ne6+ 67. Ke5 Nc7 68. Kd6 Na8 69. Kd7 Kxa7 70. Kc6 Nb6 71. c5 Na4 72. b6+
1/2-1/2

[Event "56. Grecia ch"]
[Site "Salonica GRE"]
[Date "2006.11.29"]
[Round "3.2"]
[White "Goritsas, Christos"]
[Black "Skembris, Spyridon"]
[Result "1/2-1/2"]
[WhiteElo "2289"]
[BlackElo "2455"]
[PlyCount "81"]
[EventDate "2006.11.27"]
[EventType "tourn"]
[EventRounds "9"]
[EventCountry "GRE"]
[EventCategory "9"]
[Source "lmi"]
[SourceDate "2006.11.27"]

1. c4 e5 2. g3 Nf6 3. Bg2 d5 4. cxd5 Nxd5 5. Nf3 Nc6 6. O-O Nb6 7. d3 Be7 8.
Nbd2 O-O 9. a3 a5 10. b3 f5 11. Bb2 Bf6 12. Rc1 Qd6 13. Qc2 Be6 14. Rfd1 Rf7
15. e3 Re8 16. Nc4 Nxc4 17. bxc4 Qf8 18. d4 exd4 19. exd4 Bc8 20. d5 Ne5 21.
Nxe5 Bxe5 22. Bxe5 Rxe5 23. c5 f4 24. d6 c6 25. Qc3 Rg5 26. Qxa5 Bg4 27. Rd4
fxg3 28. fxg3 Bd7 29. Qe1 Qd8 30. Qe3 b6 31. cxb6 Qxb6 32. Re4 Qxe3+ 33. Rxe3
Rf6 34. Rd3 Rgg6 35. Rcd1 Kf8 36. Be4 Rg4 37. Bf3 Ra4 38. Kg2 c5 39. Rc1 Rd4
40. Rdc3 Rdxd6 41. R1c2 1/2-1/2

[Event "56. Grecia ch"]
[Site "Salonica GRE"]
[Date "2006.11.29"]
[Round "3.4"]
[White "Mastrovasilis, Athanasios"]
[Black "Kotrotsos, Vasilios"]
[Result "1/2-1/2"]
[WhiteElo "2533"]
[BlackElo "2276"]
[PlyCount "87"]
[EventDate "2006.11.27"]
[EventType "tourn"]
[EventRounds "9"]
[EventCountry "GRE"]
[EventCategory "9"]
[Source "lmi"]
[SourceDate "2006.11.27"]

1. Nf3 g6 2. d4 Bg7 3. g3 d6 4. Bg2 Nd7 5. O-O e5 6. c4 Ne7 7. Nc3 O-O 8. e3
exd4 9. exd4 Nf6 10. h3 c6 11. Re1 Re8 12. b3 h6 13. Bb2 d5 14. Qd2 Be6 15.
Rxe6 fxe6 16. Re1 Nf5 17. g4 Nd6 18. Ne5 g5 19. Qc2 Nf7 20. Ng6 Qc7 21. Ne2
Rac8 22. c5 b6 23. b4 a5 24. a3 axb4 25. axb4 Rb8 26. Nc1 bxc5 27. bxc5 Nd7 28.
Nd3 e5 29. dxe5 Ndxe5 30. Ngxe5 Nxe5 31. Bxe5 Rxe5 32. Nxe5 Bxe5 33. Qg6+ Bg7
34. Qe6+ Kh8 35. Bf1 Rf8 36. Bd3 Qf7 37. Bf5 Qxe6 38. Rxe6 Rf6 39. Re8+ Bf8 40.
Rc8 Kg7 41. Rc7+ Kg8 42. Rc8 Kg7 43. Rc7+ Kg8 44. Rc8 1/2-1/2

[Event "56. Grecia ch"]
[Site "Salonica GRE"]
[Date "2006.11.30"]
[Round "4.1"]
[White "Mastrovasilis, Dimitrios"]
[Black "Kotronias, Vasilios"]
[Result "1/2-1/2"]
[WhiteElo "2562"]
[BlackElo "2587"]
[PlyCount "35"]
[EventDate "2006.11.27"]
[EventType "tourn"]
[EventRounds "9"]
[EventCountry "GRE"]
[EventCategory "9"]
[Source "lmi"]
[SourceDate "2006.11.27"]

1. e4 c5 2. Nf3 Nc6 3. d4 cxd4 4. Nxd4 Nf6 5. Nc3 d6 6. Bg5 e6 7. Qd2 Be7 8.
O-O-O O-O 9. f4 Nxd4 10. Qxd4 Qa5 11. Bc4 Bd7 12. e5 dxe5 13. fxe5 Bc6 14. Bd2
Nd7 15. Nd5 Qd8 16. Nxe7+ Qxe7 17. Rhe1 Rfc8 18. Bf1 1/2-1/2

[Event "56. Grecia ch"]
[Site "Salonica GRE"]
[Date "2006.11.30"]
[Round "4.2"]
[White "Kapnisis, Spyridon"]
[Black "Banikas, Hristos"]
[Result "1/2-1/2"]
[WhiteElo "2421"]
[BlackElo "2568"]
[PlyCount "117"]
[EventDate "2006.11.27"]
[EventType "tourn"]
[EventRounds "9"]
[EventCountry "GRE"]
[EventCategory "9"]
[Source "lmi"]
[SourceDate "2006.11.27"]

1. e4 c5 2. Nf3 d6 3. d4 cxd4 4. Nxd4 Nf6 5. Nc3 a6 6. Bg5 e6 7. f4 Qb6 8. Qd2
Nc6 9. O-O-O Nxd4 10. Qxd4 Qxd4 11. Rxd4 Be7 12. Na4 Bd8 13. Rxd6 Bc7 14. Rd4
b5 15. e5 h6 16. Bh4 Nh5 17. Be2 Nxf4 18. Rxf4 g5 19. Bf3 Rb8 20. Bc6+ Kf8 21.
Re4 gxh4 22. Nc5 Rg8 23. Rf1 Ke7 24. Ref4 Bxe5 25. Rxf7+ Kd6 26. Nd7 Bxd7 27.
Bxd7 Rg4 28. c3 Rb6 29. Rd1+ Kc5 30. Re1 Kd6 31. Rd1+ Kc5 32. Rf8 Rb8 33. Rf2
Rg6 34. Re2 Bf4+ 35. Kc2 e5 36. h3 b4 37. Bf5 Rg3 38. Be4 bxc3 39. bxc3 Rc8 40.
Bb7 Rc7 41. Bf3 Rg8 42. Re4 a5 43. Ra4 Ra7 44. Rd5+ Kb6 45. Rc4 Re7 46. Be4
Rgg7 47. Rd6+ Ka7 48. Rc5 Be3 49. Rxa5+ Kb8 50. Ra8+ Kc7 51. Rdd8 Rd7 52. Rdc8+
Kd6 53. Re8 Ra7 54. Red8+ Ke6 55. Bd5+ Ke7 56. Rac8 Bb6 57. Rf8 Kd6 58. c4 Bc7
59. Kb3 1/2-1/2

[Event "56. Grecia ch"]
[Site "Salonica GRE"]
[Date "2006.11.30"]
[Round "4.3"]
[White "Kotrotsos, Vasilios"]
[Black "Nikolaidis, Ioannis"]
[Result "0-1"]
[WhiteElo "2276"]
[BlackElo "2536"]
[PlyCount "74"]
[EventDate "2006.11.27"]
[EventType "tourn"]
[EventRounds "9"]
[EventCountry "GRE"]
[EventCategory "9"]
[Source "lmi"]
[SourceDate "2006.11.27"]

1. e4 c5 2. Nf3 Nc6 3. Bb5 e6 4. O-O Nge7 5. b3 a6 6. Bxc6 Nxc6 7. Bb2 b5 8. c4
bxc4 9. bxc4 Rb8 10. Bc3 f6 11. Nh4 Qe7 12. f4 Qf7 13. f5 Bd6 14. d3 Be5 15.
Bxe5 Nxe5 16. Nc3 O-O 17. Rb1 Rxb1 18. Qxb1 Qe7 19. Ne2 d5 20. cxd5 exd5 21.
Nf4 dxe4 22. Nd5 Qa7 23. dxe4 c4+ 24. Kh1 Bb7 25. Qd1 Nd3 26. Qf3 Bxd5 27. exd5
Qd4 28. Ng6 hxg6 29. fxg6 Re8 30. d6 Qxd6 31. Qh5 Qe6 32. Qh7+ Kf8 33. Qh8+ Qg8
34. Qh4 Ne5 35. Qh5 Ke7 36. Rb1 Rb8 37. Re1 Qe6 0-1

[Event "56. Grecia ch"]
[Site "Salonica GRE"]
[Date "2006.11.30"]
[Round "4.4"]
[White "Skembris, Spyridon"]
[Black "Karayannis, Athanasios"]
[Result "1/2-1/2"]
[WhiteElo "2455"]
[BlackElo "2361"]
[PlyCount "108"]
[EventDate "2006.11.27"]
[EventType "tourn"]
[EventRounds "9"]
[EventCountry "GRE"]
[EventCategory "9"]
[Source "lmi"]
[SourceDate "2006.11.27"]

1. d4 Nf6 2. c4 e6 3. Nf3 c5 4. d5 b5 5. Bg5 Qa5+ 6. Qd2 Qxd2+ 7. Nfxd2 bxc4 8.
e4 Be7 9. Nc3 Nxd5 10. exd5 Bxg5 11. Nde4 Bf4 12. Bxc4 Ba6 13. Bb3 c4 14. Ba4
Bb7 15. Rd1 Be5 16. O-O O-O 17. f4 exd5 18. fxe5 dxe4 19. Rd4 Nc6 20. Rxd7 Na5
21. Re1 Rfd8 22. Nxe4 Rxd7 23. Bxd7 Bxe4 24. Rxe4 Rb8 25. e6 fxe6 26. Re5 Rxb2
27. Rxa5 c3 28. Bxe6+ Kf8 29. Bb3 c2 30. Bxc2 Rxc2 31. Rxa7 h5 32. h3 Kg8 33.
Ra5 Kf7 34. Rf5+ Kg6 35. Rf2 Rc1+ 36. Rf1 Rc3 37. Re1 Ra3 38. Re2 Kf5 39. Kf2
g5 40. Rb2 h4 41. Kf1 Kf4 42. Rf2+ Ke4 43. Ke1 Rg3 44. Kd2 Kd4 45. Kc2 Kc4 46.
Kb2 Kb4 47. Re2 Kb5 48. Kc1 g4 49. a4+ Kb6 50. hxg4 Rxg4 51. Ra2 Rg3 52. a5+
Ka6 53. Kd1 h3 54. gxh3 Rxh3 1/2-1/2

[Event "56. Grecia ch"]
[Site "Salonica GRE"]
[Date "2006.11.30"]
[Round "4.5"]
[White "Mastrovasilis, Athanasios"]
[Black "Goritsas, Christos"]
[Result "1-0"]
[WhiteElo "2533"]
[BlackElo "2289"]
[PlyCount "81"]
[EventDate "2006.11.27"]
[EventType "tourn"]
[EventRounds "9"]
[EventCountry "GRE"]
[EventCategory "9"]
[Source "lmi"]
[SourceDate "2006.11.27"]

1. d4 Nf6 2. Nf3 d5 3. c4 dxc4 4. e3 e6 5. Bxc4 c5 6. O-O a6 7. a4 Nc6 8. Qe2
cxd4 9. Rd1 d3 10. Bxd3 Qc7 11. e4 Bc5 12. h3 Nd7 13. Na3 O-O 14. Be3 Bxe3 15.
Qxe3 Qb6 16. Qd2 Nc5 17. e5 h6 18. Qe3 Nd7 19. Qe4 f5 20. exf6 Nxf6 21. Nc4 Qc7
22. Qe2 Bd7 23. Rac1 Rad8 24. Nce5 Be8 25. Nxc6 Bxc6 26. Qxe6+ Kh8 27. Ne5 Rfe8
28. Ng6+ Kh7 29. Nf4+ Kh8 30. Qf5 Qb6 31. Ng6+ Kh7 32. Ne5+ Kg8 33. Bc4+ Bd5
34. Rxd5 Nxd5 35. Bxd5+ Rxd5 36. Qf7+ Kh7 37. Qxd5 Qxb2 38. Re1 Qb4 39. Re4
Qb1+ 40. Kh2 Qb2 41. Nd3 1-0

[Event "56. Grecia ch"]
[Site "Salonica GRE"]
[Date "2006.12.01"]
[Round "5.1"]
[White "Kotronias, Vasilios"]
[Black "Kapnisis, Spyridon"]
[Result "1/2-1/2"]
[WhiteElo "2587"]
[BlackElo "2421"]
[PlyCount "116"]
[EventDate "2006.11.27"]
[EventType "tourn"]
[EventRounds "9"]
[EventCountry "GRE"]
[EventCategory "9"]
[Source "lmi"]
[SourceDate "2006.11.27"]

1. e4 e5 2. Nf3 Nc6 3. Bb5 a6 4. Ba4 Nf6 5. O-O Bc5 6. c3 b5 7. Bc2 d5 8. exd5
Qxd5 9. d4 exd4 10. Re1+ Be7 11. Bb3 Qd8 12. a4 b4 13. Nxd4 Nxd4 14. Qxd4 Qxd4
15. cxd4 Bb7 16. Bg5 Rd8 17. Nd2 Rd7 18. Nc4 O-O 19. Rac1 Bd8 20. Ne5 Rd6 21.
Nxf7 Rxf7 22. Bxf6 gxf6 23. Re8+ Kg7 24. Bxf7 Kxf7 25. Rxd8 Rxd8 26. Rxc7+ Kg6
27. Rxb7 Rxd4 28. Kf1 b3 29. Rxb3 Rxa4 30. Ke2 Rd4 31. Ke3 Rd6 32. Rd3 Rb6 33.
b3 a5 34. Kd2 Rb5 35. Kc3 h5 36. Rg3+ Kf7 37. Rf3 h4 38. Rf4 Rg5 39. g3 hxg3
40. fxg3 Rh5 41. h4 Kg6 42. Rg4+ Kf7 43. Rc4 Kg6 44. Rg4+ Kf7 45. Kc4 Re5 46.
Rf4 Kg6 47. g4 Re3 48. Rd4 Rh3 49. g5 fxg5 50. Rd6+ Kh5 51. hxg5 Kxg5 52. Ra6
Kf5 53. Rxa5+ Ke6 54. Rc5 Kd7 55. b4 Rh8 56. b5 Rh4+ 57. Kb3 Rg4 58. Ka3 Rh4
1/2-1/2

[Event "56. Grecia ch"]
[Site "Salonica GRE"]
[Date "2006.12.01"]
[Round "5.3"]
[White "Banikas, Hristos"]
[Black "Skembris, Spyridon"]
[Result "1/2-1/2"]
[WhiteElo "2568"]
[BlackElo "2455"]
[PlyCount "64"]
[EventDate "2006.11.27"]
[EventType "tourn"]
[EventRounds "9"]
[EventCountry "GRE"]
[EventCategory "9"]
[Source "lmi"]
[SourceDate "2006.11.27"]

1. d4 Nf6 2. c4 e6 3. Nf3 d5 4. Nc3 Be7 5. Bg5 h6 6. Bh4 Nbd7 7. e3 O-O 8. Rc1
a6 9. cxd5 exd5 10. Bd3 c6 11. Qc2 Re8 12. O-O Ne4 13. Bxe4 dxe4 14. Qxe4 Bxh4
15. Qxh4 Nf6 16. e4 Bg4 17. Ne5 Bh5 18. Nxc6 bxc6 19. e5 Ng4 20. Qxh5 Qxd4 21.
Rcd1 Qf4 22. Qh4 Rxe5 23. f3 Qe3+ 24. Kh1 Nf6 25. Qd4 Rb8 26. Qxe3 Rxe3 27. Rd6
Nd5 28. Rxc6 Nxc3 29. bxc3 Rb2 30. Rxa6 Rxc3 31. Rg1 Rcc2 32. a3 Ra2 1/2-1/2

[Event "56. Grecia ch"]
[Site "Salonica GRE"]
[Date "2006.12.01"]
[Round "5.5"]
[White "Goritsas, Christos"]
[Black "Kotrotsos, Vasilios"]
[Result "1/2-1/2"]
[WhiteElo "2289"]
[BlackElo "2276"]
[PlyCount "54"]
[EventDate "2006.11.27"]
[EventType "tourn"]
[EventRounds "9"]
[EventCountry "GRE"]
[EventCategory "9"]
[Source "lmi"]
[SourceDate "2006.11.27"]

1. c4 e5 2. Nc3 Nf6 3. Nf3 Nc6 4. a3 g6 5. e3 Bg7 6. d3 O-O 7. Be2 d5 8. cxd5
Nxd5 9. Bd2 a5 10. Na4 h6 11. Qb3 b6 12. Rc1 Qd6 13. O-O Bd7 14. Rfd1 Rac8 15.
Nc3 Nxc3 16. Bxc3 Ne7 17. d4 e4 18. Nd2 Bc6 19. Qc2 f5 20. b4 Bd5 21. bxa5 Qe6
22. Bb4 bxa5 23. Bxe7 Qxe7 24. Qc5 Qe6 25. Qxd5 Qxd5 26. Bc4 Rfd8 27. Nb3 Bf8
1/2-1/2

[Event "56. Grecia ch"]
[Site "Salonica GRE"]
[Date "2006.12.02"]
[Round "6.1"]
[White "Goritsas, Christos"]
[Black "Karayannis, Athanasios"]
[Result "1-0"]
[WhiteElo "2289"]
[BlackElo "2361"]
[PlyCount "119"]
[EventDate "2006.11.27"]
[EventType "tourn"]
[EventRounds "9"]
[EventCountry "GRE"]
[EventCategory "9"]
[Source "lmi"]
[SourceDate "2006.11.27"]

1. c4 Nf6 2. g3 c6 3. Bg2 d5 4. Nf3 Bf5 5. cxd5 Bxb1 6. Rxb1 Qxd5 7. a3 e6 8.
d4 Qd8 9. b4 a6 10. O-O Be7 11. Ne5 O-O 12. Nc4 Nbd7 13. Na5 Qc8 14. Qb3 Nb6
15. h3 Rd8 16. Rd1 h6 17. e4 Nbd7 18. Qc3 Bf8 19. Bf4 g5 20. Be3 Bg7 21. Rbc1
Ne8 22. Qe1 Qb8 23. d5 cxd5 24. exd5 e5 25. d6 e4 26. Bxe4 Nxd6 27. Bg2 Ne5 28.
Qe2 Rd7 29. Bc5 Qd8 30. Nxb7 Nxb7 31. Bxb7 Rb8 32. Be4 a5 33. Bf5 Rxd1+ 34.
Rxd1 Qf6 35. Be4 axb4 36. axb4 Qe6 37. Bg2 Qb3 38. Bd5 Qa4 39. Bg2 Re8 40. Re1
Nf3+ 41. Bxf3 Rxe2 42. Rxe2 Bf8 43. Kg2 Qb5 44. Re5 Bxc5 45. bxc5 Kf8 46. Rd5
Qc4 47. c6 Ke8 48. g4 Qc3 49. Rf5 Ke7 50. Rb5 Kd6 51. Rb7 f5 52. Rd7+ Ke6 53.
Rh7 Ke5 54. c7 h5 55. Bb7 fxg4 56. hxg4 Qc2 57. Rg7 Kf6 58. c8=Q Qxc8 59. Bxc8
Kxg7 60. gxh5 1-0

[Event "56. Grecia ch"]
[Site "Salonica GRE"]
[Date "2006.12.02"]
[Round "6.2"]
[White "Skembris, Spyridon"]
[Black "Kotronias, Vasilios"]
[Result "1/2-1/2"]
[WhiteElo "2455"]
[BlackElo "2587"]
[PlyCount "33"]
[EventDate "2006.11.27"]
[EventType "tourn"]
[EventRounds "9"]
[EventCountry "GRE"]
[EventCategory "9"]
[Source "lmi"]
[SourceDate "2006.11.27"]

1. d4 Nf6 2. c4 g6 3. Nc3 Bg7 4. e4 d6 5. Bd3 O-O 6. Nge2 Nc6 7. O-O e5 8. d5
Nd4 9. Nxd4 exd4 10. Ne2 Re8 11. f3 Nd7 12. b4 a5 13. b5 Nc5 14. Bb2 Qg5 15.
Bc1 Qd8 16. Bb2 Qg5 17. Bc1 1/2-1/2

[Event "56. Grecia ch"]
[Site "Salonica GRE"]
[Date "2006.12.02"]
[Round "6.3"]
[White "Kapnisis, Spyridon"]
[Black "Nikolaidis, Ioannis"]
[Result "1/2-1/2"]
[WhiteElo "2421"]
[BlackElo "2536"]
[PlyCount "21"]
[EventDate "2006.11.27"]
[EventType "tourn"]
[EventRounds "9"]
[EventCountry "GRE"]
[EventCategory "9"]
[Source "lmi"]
[SourceDate "2006.11.27"]

1. e4 c6 2. d4 d5 3. e5 Bf5 4. Nd2 e6 5. Nb3 c5 6. dxc5 Bxc5 7. Nxc5 Qa5+ 8. c3
Qxc5 9. Qa4+ Nd7 10. Nf3 Qc7 11. Bb5 1/2-1/2